<?xml version="1.0" encoding="UTF-8"?>
<record
    xmlns:xsi="http://www.w3.org/2001/XMLSchema-instance"
    xsi:schemaLocation="http://www.loc.gov/MARC21/slim http://www.loc.gov/standards/marcxml/schema/MARC21slim.xsd"
    xmlns="http://www.loc.gov/MARC21/slim">

  <leader>03020nam a2200337 a 4500</leader>
  <controlfield tag="003">OSt</controlfield>
  <controlfield tag="005">20240801142427.0</controlfield>
  <controlfield tag="007">cr ||||||a|c|a</controlfield>
  <controlfield tag="008">240801s2021    mx a|||fom||| 001 0 spa d</controlfield>
  <datafield tag="040" ind1=" " ind2=" ">
    <subfield code="e">rda</subfield>
  </datafield>
  <datafield tag="100" ind1="1" ind2=" ">
    <subfield code="a">Santiago P&#xE9;rez, Xochitl</subfield>
    <subfield code="9">189334</subfield>
  </datafield>
  <datafield tag="245" ind1="1" ind2="3">
    <subfield code="a">El selenio y su efecto antes del empadre de un reba&#xF1;o de ovejas pelibuey /</subfield>
    <subfield code="c">por Xochitl  Santiago P&#xE9;rez; director de tesis Jaime Gallegos S&#xE1;nchez; secretario Carlos Guillermo Germ&#xE1;n Alarc&#xF3;n; vocal David Sa&#xFA;l Reyes Ram&#xED;rez; suplente Jos&#xE9; Luis Zaragoza Ram&#xED;rez; suplente  Elvia L&#xF3;pez P&#xE9;rez.</subfield>
  </datafield>
  <datafield tag="264" ind1=" " ind2="1">
    <subfield code="a">Chapingo, M&#xE9;xico :</subfield>
    <subfield code="b">El autor,</subfield>
    <subfield code="c">2021.</subfield>
  </datafield>
  <datafield tag="300" ind1=" " ind2=" ">
    <subfield code="a">1 recurso en l&#xED;nea (40 p&#xE1;ginas):</subfield>
    <subfield code="b">cuadros, figuras.</subfield>
  </datafield>
  <datafield tag="336" ind1=" " ind2=" ">
    <subfield code="2">rdacontent</subfield>
    <subfield code="a">texto</subfield>
    <subfield code="b">txt</subfield>
  </datafield>
  <datafield tag="337" ind1=" " ind2=" ">
    <subfield code="2">rdamedia</subfield>
    <subfield code="a">computadora</subfield>
    <subfield code="b">c</subfield>
  </datafield>
  <datafield tag="338" ind1=" " ind2=" ">
    <subfield code="2">rdacarrier</subfield>
    <subfield code="a">recurso en l&#xED;nea</subfield>
    <subfield code="b">cr</subfield>
  </datafield>
  <datafield tag="502" ind1=" " ind2=" ">
    <subfield code="b">IAEZ</subfield>
    <subfield code="c">Zootecn&#xED;a</subfield>
    <subfield code="d">2021.</subfield>
    <subfield code="g">LIC</subfield>
  </datafield>
  <datafield tag="504" ind1=" " ind2=" ">
    <subfield code="a">Incluye referencias bibliogr&#xE1;ficas: p&#xE1;ginas 25-31.</subfield>
  </datafield>
  <datafield tag="520" ind1=" " ind2=" ">
    <subfield code="a">La oveja Pelibuey es una raza que presenta actividad c&#xED;clica casi todo el a&#xF1;o y es muy prol&#xED;fica, por lo cual el objetivo del presente experimento fue evaluar el efecto del Selenio (Se) aplicado al inicio de un protocolo de sincronizaci&#xF3;n de estros en las variables reproductivas de las ovejas Pelibuey. Se utilizaron 78 ovejas con condici&#xF3;n corporal de 3 en la escala de 1 a 5, las cuales fueron asignadas al azar a uno de dos tratamientos: T1= CIDR3 + PGF2&#x3B1;4 (n=42), T2= CIDR + PGF2&#x3B1; + Se5 (n=36). La aplicaci&#xF3;n de Se (T2) fue al momento de insertar el CIDR (d&#xED;a cero del protocolo de sincronizaci&#xF3;n). Las variables estudiadas fueron: incidencia de estros, inicio al estro, retorno a estro, gestaci&#xF3;n, prolificidad y fecundidad. El an&#xE1;lisis de los datos se realiz&#xF3; mediante un an&#xE1;lisis de varianza (ANOVA) y comparaci&#xF3;n de medias para las variables: inicio al estro, prolificidad y fecundidad, para las variables binomiales: incidencia de estro, retorno y gestaci&#xF3;n, se utiliz&#xF3; PROC FREQ y prueba de Chi-cuadrada del paquete estad&#xED;stico InfoStat. La incidencia de estros fue de 93.58 % sin diferencias entre tratamientos (P&gt;0.05). El inicio al estro, el retorno a estro, el porcentaje de gestaci&#xF3;n, el porcentaje de parici&#xF3;n y la fecundidad fue similar entre tratamientos (P&gt;0.05). Se concluy&#xF3; que la aplicaci&#xF3;n de Se al momento de insertar el CIDR no afecta las variables reproductivas en ovejas Pelibuey.</subfield>
  </datafield>
  <datafield tag="650" ind1=" " ind2="4">
    <subfield code="a">Ovejas pelibuey</subfield>
    <subfield code="x">Reproducci&#xF3;n</subfield>
    <subfield code="9">188837</subfield>
  </datafield>
  <datafield tag="650" ind1=" " ind2="4">
    <subfield code="a">Selenio</subfield>
    <subfield code="x">Efecto en ovejas Pelibuey</subfield>
    <subfield code="9">189335</subfield>
  </datafield>
  <datafield tag="650" ind1=" " ind2="7">
    <subfield code="a">Ganado lanar</subfield>
    <subfield code="x">Fecundidad</subfield>
    <subfield code="9">45181</subfield>
  </datafield>
  <datafield tag="700" ind1="1" ind2=" ">
    <subfield code="a">Gallegos S&#xE1;nchez, Jaime</subfield>
    <subfield code="9">44418</subfield>
    <subfield code="e">Director de tesis.</subfield>
  </datafield>
  <datafield tag="700" ind1="1" ind2=" ">
    <subfield code="a">Germ&#xE1;n Alarc&#xF3;n, Carlos Guillermo</subfield>
    <subfield code="9">47760</subfield>
    <subfield code="e">Secretario.</subfield>
  </datafield>
  <datafield tag="700" ind1="1" ind2=" ">
    <subfield code="a">Reyes Ram&#xED;rez, David Sa&#xFA;l</subfield>
    <subfield code="9">96957</subfield>
    <subfield code="e">Vocal.</subfield>
  </datafield>
  <datafield tag="700" ind1="1" ind2=" ">
    <subfield code="a">Zaragoza Ram&#xED;rez, Jos&#xE9; Luis</subfield>
    <subfield code="9">123684</subfield>
    <subfield code="e">Suplente.</subfield>
  </datafield>
  <datafield tag="700" ind1="1" ind2=" ">
    <subfield code="a">L&#xF3;pez P&#xE9;rez, Elvia</subfield>
    <subfield code="9">68223</subfield>
    <subfield code="e">Suplente.</subfield>
  </datafield>
  <datafield tag="856" ind1=" " ind2=" ">
    <subfield code="u">http://10.13.5.2/tesis/tl/2021_ZO_Santiago_Perez_Xochitl.pdf</subfield>
    <subfield code="z">DESCARGAR PDF</subfield>
  </datafield>
  <datafield tag="942" ind1=" " ind2=" ">
    <subfield code="2">Clasificaci&#xF3;n Universidad Aut&#xF3;noma Chapingo</subfield>
    <subfield code="c">TD</subfield>
  </datafield>
  <datafield tag="999" ind1=" " ind2=" ">
    <subfield code="c">220045</subfield>
    <subfield code="d">220045</subfield>
  </datafield>
  <datafield tag="952" ind1=" " ind2=" ">
    <subfield code="0">0</subfield>
    <subfield code="1">0</subfield>
    <subfield code="2">local</subfield>
    <subfield code="4">0</subfield>
    <subfield code="5">1</subfield>
    <subfield code="7">0</subfield>
    <subfield code="8">TesDigL</subfield>
    <subfield code="a">BD</subfield>
    <subfield code="b">BD</subfield>
    <subfield code="c">E_L</subfield>
    <subfield code="d">2024-08-01</subfield>
    <subfield code="l">0</subfield>
    <subfield code="o">Tesis digital</subfield>
    <subfield code="r">2024-08-01 13:44:35</subfield>
    <subfield code="w">2024-08-01</subfield>
    <subfield code="y">TD</subfield>
  </datafield>
</record>
